00487nam a22001457a 4500082003300000100003300033245004400066260003800110300001100148526003700159650001300196942001200209999001900221952010100240 a620.0071142bLOUcL-31, P-36 aCollege, Loughborough940583 aCalendarcLoughborough College, England aEnglandbEcho Press Limitedc1949 a142.p: a0b0c0d620_007114200000000_LOU aMCE9379 2ddccBK c544840d544840 00102ddc4070aMCEbMCEd2014-05-12l0o620.0071142 LOUpMCE-41135r2014-05-12w2014-05-12yBK